Modifikácia biodegradovateľných poymérnych zmesí na báze PLA a PHB

Saved in:
Bibliographic Details
Main Author: Bočkaj, Ján (Author)
Other Authors: Alexy, Pavel (Thesis advisor)
Format: Manuscript Book
Language:Slovak
Published: 2016
Subjects:
Online Access:http://is.stuba.sk/zp/portal_zp.pl?podrobnosti=97553
Tags: Add Tag
No Tags, Be the first to tag this record!

MARC

LEADER 00000ntm a22000003a 4500
001 stuzp35330
003 SK-STU
005 20160820210109.7
007 ta
008 150427s2015----xo-----f-mn---000-0-slo-d
040 |a STU  |b slo 
041 0 |a slo 
100 1 |a Bočkaj, Ján  |u 049370  |k Z3  |4 aut  |U FCHPT Ústav prírodných a syntetických polymérov  |T FCHPT Oddelenie plastov, kaučuku a vlákien  |X 40298  |U C9370  |Y 128  |7 A0000040298 
242 0 1 |a Modification of biodegradable polymer blends based on PLA and PHB  |y eng 
245 1 0 |a Modifikácia biodegradovateľných poymérnych zmesí na báze PLA a PHB 
260 |c 2016 
650 4 |a polyhydroxybutyrát  |2 slo 
650 4 |a kyselina polymliečna  |2 slo 
650 4 |a kryštalizácia  |2 slo 
650 4 |a polyhydroxybutyrate  |2 eng 
650 4 |a polylactic acid  |2 eng 
650 4 |a crystallization  |2 eng 
700 1 |a Alexy, Pavel  |u 049370  |k Z1  |4 ths  |U FCHPT Ústav prírodných a syntetických polymérov  |T FCHPT Oddelenie plastov, kaučuku a vlákien  |X 3899  |U C9370  |Y 128  |7 A000003899 
856 4 |u http://is.stuba.sk/zp/portal_zp.pl?podrobnosti=97553